000 00959nam a22002537a 4500
001 7839
003 FISKH
005 20250811151805.0
008 250811b cb ||||| |||| 00| 0 eng d
020 _a9781406360226
040 _aFISKH
_beng
_cFISKH
_dFISKH
050 _aPZ7.H7875 E
082 _a823.914
100 _aHorowitz, Anthony
245 _aEagle Strike /
_cBy Anthony Horowitz
260 _aLondon :
_bWalker Books ,
_c2003.
300 _a345 pages :
_billustrations ;
_c20 cm .
490 _aAlex Rider
_v04
520 _aAfter a chance encounter with assassin Yassen Gregorovich in the South of France, teenage spy Alex Rider investigates international pop star and philanthropist Damian Cray whose new video game venture hides sinister motives involving Air Force One, nuclear missiles, and the international drug trade.
650 _aAction/adventure
_vFiction
650 _aThriller
_vFiction
942 _2ddc
_cBK
_n0
999 _c7839
_d7839